| 000 | 00727nas a2200241 4500 | ||
|---|---|---|---|
| 001 | BR8900911 | ||
| 003 | BR-BrBNA | ||
| 005 | 20231205091448.0 | ||
| 007 | ta | ||
| 008 | 230509b bl.|||p| |||| 00| 00por d | ||
| 040 |
_aBR-BrBNA _bpor _cBiblioteca Nacional de Agricultura |
||
| 041 | _a(Pt) | ||
| 072 | _aK70 | ||
| 110 | 1 |
_aInstituto Brasileiro de Desenvolvimento Florestal, Brasilia, DF (Brasil) _95727 |
|
| 245 | 1 | _aChega de fogo | |
| 650 | _aERRADICACAO | ||
| 650 | _aPRESERVACAO DA NATUREZA | ||
| 650 | _aINCENDIO FLORESTAL | ||
| 650 | _aQUEIMADA | ||
| 773 | 0 |
_tGlobo Rural (Brazil) _xISSN 0102-6178 _g(Oct 1988), v. 4(37) p. 132-137 _wBR8900911 |
|
| 909 |
_a202311 _bLúcia _c55 _dLúcia Elande |
||
| 942 |
_2AGRIS _n0 _cANA |
||
| 999 |
_c125246 _d125246 |
||